[Event "Amsterdam Science Park 2023"]
[Site "Science Park, Amsterdam, Netherlands"]
[Date "2023.07.20"]
[Round "6.1"]
[White "Riemersma, Li"]
[Black "Beeke, Bob"]
[Result "1-0"]
[WhiteElo "2440"]
[BlackElo "2216"]

1. d4 {[%clk 01:30:57]} {[%emt 00:00:02]} d5 {[%clk 01:30:51]} {[%emt
00:00:10]} 2. c4 {[%clk 01:31:14]} {[%emt 00:00:13]} c6 {[%clk 01:31:14]}
{[%emt 00:00:06]} 3. Nf3 {[%clk 01:31:39]} {[%emt 00:00:06]} Nf6 {[%clk
01:31:38]} {[%emt 00:00:06]} 4. e3 {[%clk 01:31:57]} {[%emt 00:00:12]} Bg4
{[%clk 01:28:55]} {[%emt 00:03:13]} 5. h3 {[%clk 01:31:27]} {[%emt 00:01:00]}
Bh5 {[%clk 01:28:32]} {[%emt 00:00:52]} 6. Nc3 {[%clk 01:31:27]} {[%emt
00:00:29]} e6 {[%clk 01:28:53]} {[%emt 00:00:10]} 7. g4 {[%clk 01:31:05]}
{[%emt 00:00:52]} Bg6 {[%clk 01:29:12]} {[%emt 00:00:11]} 8. Ne5 {[%clk
01:31:28]} {[%emt 00:00:07]} Nfd7 {[%clk 01:20:57]} {[%emt 00:08:45]} 9. Nxg6
{[%clk 01:29:55]} {[%emt 00:02:02]} hxg6 {[%clk 01:21:14]} {[%emt 00:00:13]} 10.
Bd2 {[%clk 01:21:03]} {[%emt 00:09:22]} Be7 {[%clk 01:12:43]} {[%emt 00:09:01]}
11. Qb3 {[%clk 00:57:14]} {[%emt 00:24:19]} Qb6 {[%clk 01:11:43]} {[%emt
00:01:30]} 12. Qc2 {[%clk 00:57:32]} {[%emt 00:00:12]} e5 {[%clk 00:37:50]}
{[%emt 00:34:23]} 13. cxd5 {[%clk 00:37:37]} {[%emt 00:20:26]} exd4 {[%clk
00:38:12]} {[%emt 00:00:08]} 14. exd4 {[%clk 00:37:38]} {[%emt 00:00:29]} Qxd4
{[%clk 00:31:33]} {[%emt 00:07:08]} 15. O-O-O {[%clk 00:36:59]} {[%emt
00:01:09]} O-O {[%clk 00:30:41]} {[%emt 00:01:23]} 16. dxc6 {[%clk 00:34:06]}
{[%emt 00:03:23]} bxc6 {[%clk 00:30:10]} {[%emt 00:01:01]} 17. Be3 {[%clk
00:29:37]} {[%emt 00:04:59]} Qe5 {[%clk 00:28:10]} {[%emt 00:02:30]} 18. Bc4
{[%clk 00:22:47]} {[%emt 00:07:19]} Bg5 {[%clk 00:26:38]} {[%emt 00:02:02]} 19.
Rhe1 {[%clk 00:22:38]} {[%emt 00:00:39]} Nb6 {[%clk 00:26:00]} {[%emt
00:01:08]} 20. Bb3 {[%clk 00:22:48]} {[%emt 00:00:21]} Na6 {[%clk 00:26:11]}
{[%emt 00:00:19]} 21. Qxg6 {[%clk 00:21:01]} {[%emt 00:02:17]} Bxe3+ {[%clk
00:26:35]} {[%emt 00:00:05]} 22. Rxe3 {[%clk 00:21:26]} {[%emt 00:00:05]} Qf4
{[%clk 00:23:10]} {[%emt 00:03:56]} 23. Qe4 {[%clk 00:16:47]} {[%emt 00:05:09]}
Qxf2 {[%clk 00:21:19]} {[%emt 00:02:21]} 24. Rf3 {[%clk 00:16:01]} {[%emt
00:01:17]} Qh4 {[%clk 00:20:27]} {[%emt 00:01:21]} 25. Rf5 {[%clk 00:14:23]}
{[%emt 00:02:08]} g6 {[%clk 00:17:05]} {[%emt 00:03:52]} 26. Ra5 {[%clk
00:13:53]} {[%emt 00:01:01]} 1-0

[Event "Amsterdam Science Park 2023"]
[Site "Science Park, Amsterdam, Netherlands"]
[Date "2023.07.20"]
[Round "6.2"]
[White "Zwirs, Nico"]
[Black "Elgersma, Onno"]
[Result "1-0"]
[WhiteElo "2443"]
[BlackElo "2265"]

1. e4 {[%clk 01:30:59]} {[%emt 19:02:11]} c6 {[%clk 01:29:42]} {[%emt
00:01:18]} 2. d4 {[%clk 01:31:22]} {[%emt 00:00:07]} d5 {[%clk 01:30:07]}
{[%emt 00:00:05]} 3. exd5 {[%clk 01:31:46]} {[%emt 00:00:06]} cxd5 {[%clk
01:30:32]} {[%emt 00:00:05]} 4. Nf3 {[%clk 01:32:10]} {[%emt 00:00:05]} Nf6
{[%clk 01:30:24]} {[%emt 00:00:38]} 5. Ne5 {[%clk 01:31:49]} {[%emt 00:00:51]}
Nc6 {[%clk 01:28:26]} {[%emt 00:02:29]} 6. c3 {[%clk 01:30:44]} {[%emt
00:01:35]} e6 {[%clk 01:21:40]} {[%emt 00:07:16]} 7. Nd2 {[%clk 01:30:43]}
{[%emt 00:00:31]} Nxe5 {[%clk 01:05:17]} {[%emt 00:16:53]} 8. dxe5 {[%clk
01:30:38]} {[%emt 00:00:34]} Nd7 {[%clk 01:05:42]} {[%emt 00:00:05]} 9. Nf3
{[%clk 01:31:00]} {[%emt 00:00:07]} Be7 {[%clk 01:05:23]} {[%emt 00:00:50]} 10.
Bd3 {[%clk 01:29:55]} {[%emt 00:01:34]} Qc7 {[%clk 01:02:37]} {[%emt 00:03:17]}
11. Bf4 {[%clk 01:25:21]} {[%emt 00:05:04]} b6 {[%clk 00:58:05]} {[%emt
00:05:01]} 12. O-O {[%clk 01:22:29]} {[%emt 00:03:22]} Bb7 {[%clk 00:58:14]}
{[%emt 00:00:22]} 13. a4 {[%clk 01:19:13]} {[%emt 00:03:45]} Nc5 {[%clk
00:51:42]} {[%emt 00:07:02]} 14. Bb5+ {[%clk 01:17:13]} {[%emt 00:02:31]} Kf8
{[%clk 00:51:12]} {[%emt 00:01:00]} 15. Re1 {[%clk 01:16:08]} {[%emt 00:01:34]}
a6 {[%clk 00:42:09]} {[%emt 00:09:34]} 16. Bf1 {[%clk 01:15:43]} {[%emt
00:00:55]} Ne4 {[%clk 00:42:11]} {[%emt 00:00:28]} 17. Nd2 {[%clk 01:10:13]}
{[%emt 00:06:01]} Nxd2 {[%clk 00:27:40]} {[%emt 00:15:02]} 18. Qxd2 {[%clk
01:10:27]} {[%emt 00:00:15]} h5 {[%clk 00:27:44]} {[%emt 00:00:27]} 19. Be3
{[%clk 00:54:16]} {[%emt 00:16:41]} h4 {[%clk 00:23:32]} {[%emt 00:04:41]} 20.
Bd4 {[%clk 00:54:00]} {[%emt 00:00:46]} g6 {[%clk 00:21:17]} {[%emt 00:02:46]}
21. Qe3 {[%clk 00:49:17]} {[%emt 00:05:13]} Bc5 {[%clk 00:19:45]} {[%emt
00:02:02]} 22. a5 {[%clk 00:46:48]} {[%emt 00:02:59]} Bxd4 {[%clk 00:19:58]}
{[%emt 00:00:17]} 23. cxd4 {[%clk 00:47:15]} {[%emt 00:00:02]} bxa5 {[%clk
00:18:14]} {[%emt 00:02:15]} 24. Rec1 {[%clk 00:37:46]} {[%emt 00:09:59]} Qe7
{[%clk 00:18:27]} {[%emt 00:00:16]} 25. Rxa5 {[%clk 00:37:18]} {[%emt
00:00:58]} Kg7 {[%clk 00:18:47]} {[%emt 00:00:10]} 26. Rac5 {[%clk 00:35:24]}
{[%emt 00:02:25]} Rhc8 {[%clk 00:19:03]} {[%emt 00:00:14]} 27. Qb3 {[%clk
00:26:53]} {[%emt 00:09:01]} Rxc5 {[%clk 00:14:42]} {[%emt 00:04:51]} 28. Rxc5
{[%clk 00:27:22]} Bc8 {[%clk 00:12:50]} {[%emt 00:02:21]} 29. Qb6 {[%clk
00:26:39]} {[%emt 00:01:13]} Qb7 {[%clk 00:11:42]} {[%emt 00:01:39]} 30. Qd8
{[%clk 00:26:08]} {[%emt 00:01:01]} Bd7 {[%clk 00:11:59]} {[%emt 00:00:12]} 31.
Qf6+ {[%clk 00:24:26]} {[%emt 00:02:12]} Kg8 {[%clk 00:12:14]} {[%emt
00:00:15]} 32. Rc3 {[%clk 00:24:37]} {[%emt 00:00:19]} Qb8 {[%clk 00:11:45]}
{[%emt 00:01:00]} 33. Qxh4 {[%clk 00:23:41]} {[%emt 00:01:25]} Qd8 {[%clk
00:12:05]} {[%emt 00:00:10]} 34. Qf4 {[%clk 00:22:59]} {[%emt 00:01:12]} Rc8
{[%clk 00:10:11]} {[%emt 00:02:25]} 35. Rh3 {[%clk 00:20:16]} {[%emt 00:03:12]}
Qf8 {[%clk 00:10:35]} {[%emt 00:00:07]} 36. Bxa6 {[%clk 00:19:04]} {[%emt
00:01:41]} Ra8 {[%clk 00:10:26]} {[%emt 00:00:39]} 37. Qh4 {[%clk 00:17:14]}
{[%emt 00:02:20]} Qg7 {[%clk 00:10:52]} {[%emt 00:00:04]} 38. Ra3 {[%clk
00:10:39]} {[%emt 00:07:04]} g5 {[%clk 00:07:52]} {[%emt 00:03:30]} 39. Qh5
{[%clk 00:07:27]} {[%emt 00:03:41]} f6 {[%clk 00:03:42]} {[%emt 00:04:41]} 40.
exf6 {[%clk 00:05:25]} {[%emt 00:02:32]} Qxf6 {[%clk 00:04:11]} {[%emt
00:00:02]} 41. h4 {[%clk 00:03:22]} {[%emt 00:02:32]} Qxd4 {[%clk 00:20:20]}
{[%emt 00:14:22]} 42. Qxg5+ {[%clk 00:27:29]} {[%emt 00:06:23]} Qg7 {[%clk
00:18:50]} {[%emt 00:01:59]} 43. Qh5 {[%clk 00:27:19]} {[%emt 00:00:40]} Be8
{[%clk 00:16:13]} {[%emt 00:03:08]} 44. Qe2 {[%clk 00:27:16]} {[%emt 00:00:32]}
Qh6 {[%clk 00:14:38]} {[%emt 00:02:07]} 45. Qe5 {[%clk 00:25:59]} {[%emt
00:01:46]} Kf7 {[%clk 00:10:19]} {[%emt 00:04:49]} 46. Qc7+ {[%clk 00:20:37]}
{[%emt 00:05:52]} Kg8 {[%clk 00:10:12]} {[%emt 00:00:36]} 47. Rg3+ {[%clk
00:16:55]} {[%emt 00:04:11]} Bg6 {[%clk 00:10:36]} {[%emt 00:00:07]} 48. Qc6
{[%clk 00:16:50]} {[%emt 00:00:34]} Rf8 {[%clk 00:09:07]} {[%emt 00:02:00]} 49.
Bd3 {[%clk 00:14:12]} {[%emt 00:03:08]} Rf6 {[%clk 00:09:32]} {[%emt 00:00:05]}
50. Bxg6 {[%clk 00:14:34]} {[%emt 00:00:09]} Rxg6 {[%clk 00:09:55]} {[%emt
00:00:07]} 51. Qxe6+ {[%clk 00:14:52]} {[%emt 00:00:11]} 1-0

[Event "Amsterdam Science Park 2023"]
[Site "Science Park, Amsterdam, Netherlands"]
[Date "2023.07.20"]
[Round "6.3"]
[White "Honkoop, Gilian"]
[Black "Hopman, Pieter"]
[Result "1/2-1/2"]
[WhiteElo "2193"]
[BlackElo "2323"]

1. d4 {[%clk 01:30:58]} {[%emt 00:00:02]} d6 {[%clk 01:29:53]} {[%emt
00:01:07]} 2. Nf3 {[%clk 01:31:00]} {[%emt 00:00:27]} f5 {[%clk 01:30:07]}
{[%emt 00:00:16]} 3. g3 {[%clk 01:30:34]} {[%emt 00:00:56]} Nf6 {[%clk
01:30:30]} {[%emt 00:00:07]} 4. Bg2 {[%clk 01:30:54]} {[%emt 00:00:10]} e6
{[%clk 01:30:51]} {[%emt 00:00:09]} 5. O-O {[%clk 01:30:29]} {[%emt 00:00:55]}
Be7 {[%clk 01:31:15]} {[%emt 00:00:06]} 6. c4 {[%clk 01:21:31]} {[%emt
00:09:28]} O-O {[%clk 01:31:37]} {[%emt 00:00:06]} 7. b3 {[%clk 01:19:29]}
{[%emt 00:02:33]} a5 {[%clk 01:28:16]} {[%emt 00:03:52]} 8. Bb2 {[%clk
01:17:53]} {[%emt 00:02:06]} Qe8 {[%clk 01:21:07]} {[%emt 00:07:39]} 9. Nbd2
{[%clk 01:14:43]} {[%emt 00:03:40]} Ne4 {[%clk 01:17:42]} {[%emt 00:03:55]} 10.
Nxe4 {[%clk 01:07:39]} {[%emt 00:07:34]} fxe4 {[%clk 01:18:03]} {[%emt
00:00:08]} 11. Nd2 {[%clk 01:07:08]} {[%emt 00:01:01]} d5 {[%clk 01:14:55]}
{[%emt 00:03:38]} 12. f3 {[%clk 01:06:42]} {[%emt 00:00:56]} e3 {[%clk
01:10:56]} {[%emt 00:04:29]} 13. Nb1 {[%clk 01:06:04]} {[%emt 00:01:08]} Bf6
{[%clk 01:07:37]} {[%emt 00:03:49]} 14. Na3 {[%clk 00:57:17]} {[%emt 00:09:17]}
c5 {[%clk 01:06:13]} {[%emt 00:01:54]} 15. f4 {[%clk 00:55:20]} {[%emt
00:02:27]} Nc6 {[%clk 01:04:44]} {[%emt 00:01:59]} 16. Nc2 {[%clk 00:42:41]}
{[%emt 00:13:08]} Nxd4 {[%clk 00:51:45]} {[%emt 00:13:30]} 17. Nxd4 {[%clk
00:35:02]} {[%emt 00:08:09]} dxc4 {[%clk 00:46:07]} {[%emt 00:06:08]} 18. Rc1
{[%clk 00:32:28]} {[%emt 00:03:04]} cxd4 {[%clk 00:42:18]} {[%emt 00:04:18]} 19.
Bxd4 {[%clk 00:21:48]} {[%emt 00:11:10]} Bxd4 {[%clk 00:34:39]} {[%emt
00:08:09]} 20. Qxd4 {[%clk 00:22:11]} {[%emt 00:00:06]} cxb3 {[%clk 00:34:59]}
{[%emt 00:00:10]} 21. axb3 {[%clk 00:22:34]} {[%emt 00:00:08]} Qd7 {[%clk
00:27:59]} {[%emt 00:07:30]} 22. Qxe3 {[%clk 00:21:48]} {[%emt 00:01:15]} Ra6
{[%clk 00:26:35]} {[%emt 00:01:53]} 23. Rc3 {[%clk 00:20:55]} {[%emt 00:01:23]}
Rd6 {[%clk 00:26:57]} {[%emt 00:00:09]} 24. Rfc1 {[%clk 00:07:33]} {[%emt
00:13:53]} Rd1+ {[%clk 00:27:01]} {[%emt 00:00:25]} 25. Rxd1 {[%clk 00:08:02]}
{[%emt 00:00:01]} Qxd1+ {[%clk 00:27:24]} {[%emt 00:00:07]} 26. Kf2 {[%clk
00:08:29]} {[%emt 00:00:03]} Qd6 {[%clk 00:25:37]} {[%emt 00:02:17]} 27. Qc5
{[%clk 00:07:55]} {[%emt 00:01:05]} Qb8 {[%clk 00:18:44]} {[%emt 00:07:23]} 28.
Qxa5 {[%clk 00:04:52]} {[%emt 00:03:33]} e5 {[%clk 00:16:43]} {[%emt 00:02:31]}
29. Qd5+ {[%clk 00:04:54]} {[%emt 00:00:27]} Kh8 {[%clk 00:17:06]} {[%emt
00:00:07]} 30. e3 {[%clk 00:05:01]} {[%emt 00:00:23]} exf4 {[%clk 00:16:52]}
{[%emt 00:00:44]} 31. gxf4 {[%clk 00:05:13]} {[%emt 00:00:18]} Qa7 {[%clk
00:16:25]} {[%emt 00:00:57]} 32. Qc5 {[%clk 00:05:30]} {[%emt 00:00:13]} Qxc5
{[%clk 00:15:18]} {[%emt 00:01:37]} 33. Rxc5 {[%clk 00:05:57]} {[%emt
00:00:02]} Rd8 {[%clk 00:12:21]} {[%emt 00:03:27]} 34. Rc7 {[%clk 00:05:40]}
{[%emt 00:00:48]} Be6 {[%clk 00:10:21]} {[%emt 00:02:30]} 35. Bxb7 {[%clk
00:02:29]} {[%emt 00:03:40]} Bxb3 {[%clk 00:09:30]} {[%emt 00:01:22]} 36. Rc8
{[%clk 00:02:52]} {[%emt 00:00:07]} Rxc8 {[%clk 00:09:49]} {[%emt 00:00:11]} 37.
Bxc8 {[%clk 00:03:21]} Kg8 {[%clk 00:09:24]} {[%emt 00:00:55]} 38. e4 {[%clk
00:03:36]} {[%emt 00:00:15]} Kf7 {[%clk 00:08:42]} {[%emt 00:01:12]} 39. Ke3
{[%clk 00:03:51]} {[%emt 00:00:15]} Bc2 {[%clk 00:07:00]} {[%emt 00:02:12]} 40.
Kd4 {[%clk 00:03:47]} {[%emt 00:00:34]} Ke7 {[%clk 00:05:09]} {[%emt 00:02:21]}
41. Ke5 {[%clk 00:29:27]} {[%emt 00:04:50]} Bd3 {[%clk 00:34:12]} {[%emt
00:01:28]} 42. Bf5 {[%clk 00:29:50]} {[%emt 00:00:07]} h6 {[%clk 00:33:39]}
{[%emt 00:01:03]} 43. Bc8 {[%clk 00:29:59]} {[%emt 00:00:21]} Bf1 {[%clk
00:33:05]} {[%emt 00:01:04]} 44. Bb7 {[%clk 00:29:23]} {[%emt 00:01:06]} Bh3
{[%clk 00:32:57]} {[%emt 00:00:38]} 45. Ba6 {[%clk 00:25:31]} {[%emt 00:04:23]}
Bg4 {[%clk 00:33:16]} {[%emt 00:00:10]} 46. Bc4 {[%clk 00:24:38]} {[%emt
00:01:23]} Bh3 {[%clk 00:33:22]} {[%emt 00:00:24]} 47. Bg8 {[%clk 00:23:11]}
{[%emt 00:01:56]} Bc8 {[%clk 00:33:12]} {[%emt 00:00:41]} 48. Bh7 {[%clk
00:23:20]} {[%emt 00:00:22]} Bd7 {[%clk 00:33:22]} {[%emt 00:00:20]} 49. Bf5
{[%clk 00:21:35]} {[%emt 00:02:15]} Be8 {[%clk 00:33:40]} {[%emt 00:00:11]} 50.
Bc8 {[%clk 00:18:07]} {[%emt 00:03:58]} Bg6 {[%clk 00:34:03]} {[%emt 00:00:07]}
51. Bb7 {[%clk 00:16:57]} {[%emt 00:01:40]} Be8 {[%clk 00:34:08]} {[%emt
00:00:25]} 52. Kf5 {[%clk 00:17:12]} {[%emt 00:00:14]} Bf7 {[%clk 00:33:45]}
{[%emt 00:00:55]} 53. Bd5 {[%clk 00:15:23]} {[%emt 00:02:19]} Bh5 {[%clk
00:33:46]} {[%emt 00:00:28]} 54. Bb7 {[%clk 00:10:10]} {[%emt 00:05:43]} Be8
{[%clk 00:33:36]} {[%emt 00:00:40]} 55. Bc8 {[%clk 00:10:08]} {[%emt 00:00:32]}
Bh5 {[%clk 00:33:22]} {[%emt 00:00:43]} 56. e5 {[%clk 00:10:17]} {[%emt
00:00:20]} Be8 {[%clk 00:33:20]} {[%emt 00:00:34]} 57. e6 {[%clk 00:09:58]}
{[%emt 00:00:49]} Bh5 {[%clk 00:32:42]} {[%emt 00:01:08]} 58. Bd7 {[%clk
00:09:45]} {[%emt 00:00:44]} Kd6 {[%clk 00:32:30]} {[%emt 00:00:41]} 59. Bc8
{[%clk 00:09:16]} {[%emt 00:00:59]} Ke7 {[%clk 00:30:03]} {[%emt 00:02:58]} 60.
Ba6 {[%clk 00:09:40]} {[%emt 00:00:06]} Kf8 {[%clk 00:30:08]} {[%emt 00:00:25]}
61. Bd3 {[%clk 00:01:43]} {[%emt 00:08:27]} Ke7 {[%clk 00:30:30]} {[%emt
00:00:08]} 62. Bb1 {[%clk 00:02:08]} {[%emt 00:00:05]} Be8 {[%clk 00:30:40]}
{[%emt 00:00:21]} 63. Bc2 {[%clk 00:02:22]} {[%emt 00:00:16]} Bh5 {[%clk
00:30:55]} {[%emt 00:00:14]} 64. Bb3 {[%clk 00:02:49]} {[%emt 00:00:03]} Kd6
{[%clk 00:31:02]} {[%emt 00:00:23]} 65. Ba2 {[%clk 00:03:17]} {[%emt 00:00:02]}
Ke7 {[%clk 00:31:11]} {[%emt 00:00:20]} 66. Bd5 {[%clk 00:03:43]} {[%emt
00:00:05]} Kd6 {[%clk 00:31:35]} {[%emt 00:00:07]} 67. Be4 {[%clk 00:04:08]}
{[%emt 00:00:05]} Ke7 {[%clk 00:31:52]} {[%emt 00:00:13]} 68. Ke5 {[%clk
00:04:16]} {[%emt 00:00:20]} Bg4 {[%clk 00:31:35]} {[%emt 00:00:48]} 69. Bd5
{[%clk 00:03:32]} {[%emt 00:01:15]} Bh3 {[%clk 00:31:44]} {[%emt 00:00:21]} 70.
Bc4 {[%clk 00:02:31]} {[%emt 00:01:31]} Bg4 {[%clk 00:32:02]} {[%emt 00:00:12]}
71. f5 {[%clk 00:02:38]} {[%emt 00:00:23]} Bd1 {[%clk 00:31:22]} {[%emt
00:01:09]} 72. Bd3 {[%clk 00:02:12]} {[%emt 00:00:56]} Bb3 {[%clk 00:31:44]}
{[%emt 00:00:08]} 73. Be2 {[%clk 00:00:48]} {[%emt 00:01:54]} Ba2 {[%clk
00:32:02]} {[%emt 00:00:12]} 74. Bh5 {[%clk 00:00:56]} {[%emt 00:00:22]} Bb3
{[%clk 00:32:10]} {[%emt 00:00:21]} 75. Bf7 {[%clk 00:00:58]} {[%emt 00:00:29]}
Bc2 {[%clk 00:32:23]} {[%emt 00:00:17]} 76. h4 {[%clk 00:00:53]} {[%emt
00:00:35]} Bd3 {[%clk 00:32:30]} {[%emt 00:00:23]} 77. Bg6 {[%clk 00:00:57]}
{[%emt 00:00:26]} Bc2 {[%clk 00:32:59]} {[%emt 00:00:02]} 78. Kd5 {[%clk
00:00:34]} {[%emt 00:00:52]} Bb3+ {[%clk 00:33:08]} {[%emt 00:00:21]} 79. Kc5
{[%clk 00:00:32]} {[%emt 00:00:32]} Bd1 {[%clk 00:33:02]} {[%emt 00:00:35]} 80.
Kd4 {[%clk 00:00:36]} {[%emt 00:00:26]} Bb3 {[%clk 00:33:23]} {[%emt 00:00:10]}
81. Ke5 {[%clk 00:00:50]} {[%emt 00:00:16]} Bc2 {[%clk 00:33:40]} {[%emt
00:00:13]} 82. Bh5 {[%clk 00:00:47]} {[%emt 00:00:32]} Bd3 {[%clk 00:33:52]}
{[%emt 00:00:18]} 83. Bf3 {[%clk 00:01:10]} {[%emt 00:00:07]} Bc2 {[%clk
00:33:47]} {[%emt 00:00:35]} 84. Be4 {[%clk 00:00:44]} {[%emt 00:00:57]} Bb3
{[%clk 00:34:05]} {[%emt 00:00:12]} 85. Bd3 {[%clk 00:01:09]} {[%emt 00:00:05]}
Ba2 {[%clk 00:34:03]} {[%emt 00:00:32]} 86. f6+ {[%clk 00:00:37]} {[%emt
00:01:01]} gxf6+ {[%clk 00:34:27]} {[%emt 00:00:06]} 87. Kf5 {[%clk 00:01:05]}
{[%emt 00:00:03]} Bxe6+ {[%clk 00:34:32]} {[%emt 00:00:25]} 88. Kg6 {[%clk
00:01:32]} {[%emt 00:00:04]} f5 {[%clk 00:34:46]} {[%emt 00:00:16]} 89. Bxf5
{[%clk 00:00:49]} {[%emt 00:01:12]} 1/2-1/2

[Event "Amsterdam Science Park 2023"]
[Site "Science Park, Amsterdam, Netherlands"]
[Date "2023.07.20"]
[Round "6.4"]
[White "Blees, Albert"]
[Black "Van Baar, Esper"]
[Result "1-0"]
[WhiteElo "2319"]
[BlackElo "2180"]

1. c4 {[%clk 01:22:33]} {[%emt 00:08:26]} c6 {[%clk 01:30:53]} {[%emt
00:00:08]} 2. d4 {[%clk 01:22:51]} {[%emt 00:00:11]} d5 {[%clk 01:31:14]}
{[%emt 00:00:09]} 3. Nf3 {[%clk 01:23:14]} {[%emt 00:00:06]} Nf6 {[%clk
01:31:32]} {[%emt 00:00:12]} 4. Qc2 {[%clk 01:23:35]} {[%emt 00:00:10]} dxc4
{[%clk 01:26:17]} {[%emt 00:05:45]} 5. Qxc4 {[%clk 01:23:25]} {[%emt 00:00:39]}
Bf5 {[%clk 01:26:44]} {[%emt 00:00:03]} 6. Nc3 {[%clk 01:22:11]} {[%emt
00:01:44]} e6 {[%clk 01:24:24]} {[%emt 00:02:50]} 7. g3 {[%clk 01:21:12]}
{[%emt 00:01:29]} Be7 {[%clk 01:22:40]} {[%emt 00:02:14]} 8. Bg2 {[%clk
01:20:48]} {[%emt 00:00:53]} O-O {[%clk 01:20:16]} {[%emt 00:02:55]} 9. O-O
{[%clk 01:21:00]} {[%emt 00:00:17]} Nbd7 {[%clk 01:15:05]} {[%emt 00:05:42]} 10.
Bf4 {[%clk 01:15:53]} {[%emt 00:05:36]} Qb6 {[%clk 00:54:34]} {[%emt 00:21:02]}
11. Nh4 {[%clk 01:11:56]} {[%emt 00:04:25]} Bg6 {[%clk 00:51:07]} {[%emt
00:03:58]} 12. Nxg6 {[%clk 01:09:10]} {[%emt 00:03:16]} hxg6 {[%clk 00:51:33]}
{[%emt 00:00:04]} 13. e4 {[%clk 01:08:49]} {[%emt 00:00:50]} Rfd8 {[%clk
00:49:49]} {[%emt 00:02:14]} 14. Rab1 {[%clk 01:07:20]} {[%emt 00:01:59]} a5
{[%clk 00:47:36]} {[%emt 00:02:44]} 15. a3 {[%clk 01:06:07]} {[%emt 00:01:43]}
Qa6 {[%clk 00:43:43]} {[%emt 00:04:24]} 16. Qa4 {[%clk 01:03:23]} {[%emt
00:03:13]} Nb6 {[%clk 00:38:05]} {[%emt 00:06:08]} 17. Qd1 {[%clk 01:01:37]}
{[%emt 00:02:15]} Qc4 {[%clk 00:27:05]} {[%emt 00:11:31]} 18. Qe2 {[%clk
00:53:31]} {[%emt 00:08:35]} Rd7 {[%clk 00:21:35]} {[%emt 00:06:01]} 19. Rfd1
{[%clk 00:52:51]} {[%emt 00:01:10]} Rad8 {[%clk 00:19:48]} {[%emt 00:02:16]} 20.
Qc2 {[%clk 00:51:34]} {[%emt 00:01:47]} a4 {[%clk 00:10:25]} {[%emt 00:09:55]}
21. h3 {[%clk 00:48:56]} {[%emt 00:03:06]} Qb3 {[%clk 00:07:17]} {[%emt
00:03:39]} 22. Qxb3 {[%clk 00:46:58]} {[%emt 00:02:28]} axb3 {[%clk 00:07:40]}
{[%emt 00:00:07]} 23. Bf1 {[%clk 00:47:16]} {[%emt 00:00:12]} c5 {[%clk
00:05:00]} {[%emt 00:03:11]} 24. Bb5 {[%clk 00:35:54]} {[%emt 00:11:51]} cxd4
{[%clk 00:05:08]} {[%emt 00:00:23]} 25. Ne2 {[%clk 00:34:45]} {[%emt 00:01:39]}
Nxe4 {[%clk 00:02:12]} {[%emt 00:03:25]} 26. Bxd7 {[%clk 00:34:50]} {[%emt
00:00:25]} Rxd7 {[%clk 00:02:03]} {[%emt 00:00:39]} 27. Rxd4 {[%clk 00:34:33]}
{[%emt 00:00:48]} Rxd4 {[%clk 00:02:08]} {[%emt 00:00:25]} 28. Nxd4 {[%clk
00:34:57]} {[%emt 00:00:06]} Nc5 {[%clk 00:00:38]} {[%emt 00:02:00]} 29. Bd2
{[%clk 00:34:19]} {[%emt 00:01:08]} e5 {[%clk 00:00:37]} {[%emt 00:00:31]} 30.
Nf3 {[%clk 00:33:31]} {[%emt 00:01:17]} Nd3 {[%clk 00:00:33]} {[%emt 00:00:36]}
31. Bc3 {[%clk 00:33:33]} {[%emt 00:00:27]} f6 {[%clk 00:00:37]} {[%emt
00:00:26]} 32. Nd2 {[%clk 00:33:38]} {[%emt 00:00:25]} Nc5 {[%clk 00:00:33]}
{[%emt 00:00:34]} 33. Bb4 {[%clk 00:33:57]} {[%emt 00:00:11]} Bf8 {[%clk
00:00:31]} {[%emt 00:00:32]} 34. Bxc5 {[%clk 00:34:09]} {[%emt 00:00:17]} Bxc5
{[%clk 00:00:58]} {[%emt 00:00:03]} 35. Nxb3 {[%clk 00:34:32]} {[%emt
00:00:08]} Be7 {[%clk 00:01:12]} {[%emt 00:00:16]} 36. Na5 {[%clk 00:34:38]}
{[%emt 00:00:24]} Kf7 {[%clk 00:01:17]} {[%emt 00:00:25]} 37. Nxb7 {[%clk
00:34:21]} {[%emt 00:00:47]} Nc4 {[%clk 00:01:40]} {[%emt 00:00:08]} 38. a4
{[%clk 00:34:29]} {[%emt 00:00:21]} Bb4 {[%clk 00:01:29]} {[%emt 00:00:40]} 39.
b3 {[%clk 00:34:26]} {[%emt 00:00:32]} Nd2 {[%clk 00:01:15]} {[%emt 00:00:45]}
40. Rc1 {[%clk 00:34:34]} {[%emt 00:00:22]} 1-0